Não queirais ser castelhana : fronteira e contrabando na Raia da Beira Baixa (Registo nº 199316)
[ vista simples ]
| 000 -Etiqueta do registo | |
|---|---|
| Valores | 00790nam 22002053 4500 |
| 010 ## - Número ISBN | |
| ISBN | 978-972-31-1490-4 |
| 021 ## - Número do Depósito Legal | |
| Código do país | Portugal |
| Número | 357124/13 |
| 100 ## - Dados gerais de processamento | |
| Dados gerais | 20251128d u||y0pory50 ba |
| 200 ## - Titulo e menção de responsabilidade | |
| Título próprio | Não queirais ser castelhana : fronteira e contrabando na Raia da Beira Baixa |
| Primeira menção de responsabilidade | Eduarda Rovisco |
| 210 ## - Publicação | |
| Local de publicação | [Lisboa] |
| Nome do editor | Fundação Calouste Gulbenkian, Fundação para a Ciência e a Tecnologia |
| Data de publicação | 2013 |
| 215 ## - Descrição física | |
| Paginação / Volumes | 526, [2] p. |
| Outras indicações físicas | il. ; brochado |
| 225 ## - Colecção | |
| Título próprio da colecção | Textos universitários de ciências sociais e humanas |
| 606 ## - Nome comum usado como assunto | |
| ID Autoridade | 2051 |
| Palavra de ordem | Antropologia Cultural. Etnologia. Etnografia. Usos e Costumes. Tradições. Modo de vida. Folclore |
| 675 ## - CDU | |
| Notação | 39 |
| Edição | PT |
| Língua | por |
| 700 ## - Autor principal (pessoa individual) | |
| ID Autoridade | 15212 |
| Apelido | Rovisco |
| Nome | Eduarda |
| Datas | 1968- |
| 801 ## - Fonte de origem | |
| País | PT |
| Agência | BMMN |
| Regras de catalogação | RPC |
| 830 ## - Notas gerais do catalogador | |
| Criado por | Vanda |
| 990 ## - Elementos KOHA | |
| Tipo de documento | Livro |
| Situação do levantamento | Biblioteca de origem | Código de barras | Cota | Permissão de empréstimo | Tipo de documento | Forma de aquisição |
|---|---|---|---|---|---|---|
| Biblioteca Municipal de Montemor-o-Novo | 28151 | 39 ROV|DEP | Livro | Oferta |